Can You Name All Season 10 Hermitcraft Members - Statistics

General Stats
  • This quiz has been taken 1,498 times
  • The average score is 23 of 27
Answer Stats
Hint Answer % Correct
Never builds the back of their base. Grian
99%
Their own cat is in Minecraft! GoodTimesWithScar
98%
The biggest hermit in term of Subscribers. Mumbo Jumbo
98%
They are an Aussie. Pearlescentmoon
96%
Known for making Decked Out. Tango Tek
96%
Phasmo Pro GeminiTay
95%
Shrek. *New Member SmallishBeans
95%
This player is Undead. ZombieCleo
94%
They use a skin from Naruto. EthosLab
93%
The First out in Demise 2. ImpulseSV
93%
Long time Best Friend of another Hermit *New Member Skizzleman
92%
The "king" of Hermitcraft 9. RenTheDog
91%
The current admin of the Server. XisumaVoid
90%
Brother of Ex-Hermit: Pungence BdoubleO100
86%
Really good at redstone... And creeper throwing Docm77
83%
Maker of the Vault Hunters Modpack. *Removed Mid-Season Iskall85
83%
A Very Slimy Boy. IJevin
82%
Had a Museum "War" in Hermitcraft 9 FalseSymmetry
80%
Z.I.T.S Olympics coordinator ZedaphPlays
79%
Temporarily stopped making Hermitcraft videos in Season 9. *Left Mid-Season Stressmonster101
77%
Known for making TCG. Vintage Beef
77%
Goofy Fishy Skin Thing. Joehillssays
76%
The other side of that Museum "War". Cubfan135
75%
Really good at City Skylines. Keralis
71%
They have a lot of animation shorts on YouTube. xBcrafted
65%
Grounded. Welsknight
63%
They are one of the original Hermits. Hypnotizd
57%
No matching quizzes found
Score Distribution
Percent of People with Each Score
Percentile by Number Answered
Your Score History
You have not taken this quiz